Szczegóły MARC21

System polskiego prawa podatkowego w praktyce : wybrane zagadnienia. T. 1, Podstawowe procedury podatkowe. Cz. 2, 3, 4 /

003 -Nazwa inst., której nr kontr. jest w polu 001 [,]
    • @
    • Nazwa instytucji, której n kontrolny jest w polu 001
    • NUKAT
005 -DATA I CZAS OSTATNIEJ MODYFIKACJI [,]
    • @
    • pole kontrolne
    • 20241231091938.0
020 -Międzynarod. znormalizowany nr książki - ISBN [ , ]
    • a
    • Numer ISBN
    • 9788393471539 Find
040 -Instytucja sporządzająca opis [ , ]
    • a
    • Instytucja, która sporządziła opis (NP)
    • WR U/PAd
    • c
    • Instytucja, która sporządziła rekord (NP)
    • WR U/ap
    • d
    • Instytucja, która zmodyfikowała rekord (P)
    • WR U/jm
    • d
    • Instytucja, która zmodyfikowała rekord (P)
    • KR U/sid
    • d
    • Instytucja, która zmodyfikowała rekord (P)
    • WA U/mgs
041 -Język dokumentu [1, ]
    • a
    • Język tekstu (P)
    • polski
    • a
    • Język tekstu (P)
    • angielski
    • h
    • Język tekstu oryginalnego i/lub pośredniego (P)
    • polski
942 -Rodzaj dokumentu [ , ]
    • c
    • Rodzaj dokumentu
    • Książka
100 -Hasło główne - nazwa osobowa [1, ]
    • a
    • Nazwa osobowa (NP)
    • Walkowski, Grzegorz Kazimierz
    • d
    • Daty biograficzne (NP)
    • (1965- ).
    • 9
    • KHW
    • 28423
245 -Strefa tytułu i oznaczenia odpowiedzialności [1,0]
    • a
    • Tytuł
    • System polskiego prawa podatkowego w praktyce : Find
    • b
    • Ciąg dalszy tytułu (NP)
    • wybrane zagadnienia. Find
    • n
    • Oznaczenie części (P)
    • T. 1,
    • p
    • Nazwa części (P)
    • Podstawowe procedury podatkowe.
    • n
    • Oznaczenie części (P)
    • Cz. 2, 3, 4 /
    • c
    • Pozostałe elementy strefy tytułu i oznaczenia odpowiedzialności (NP)
    • Grzegorz Kazimierz Walkowski.
246 -Wariant tytułu [3,0]
    • a
    • Tytuł (NP)
    • Podstawowe procedury podatkowe
246 -Wariant tytułu [1,3]
    • a
    • Tytuł (NP)
    • System of Polish tax law in practice
260 -Strefa adresu wydawniczego [ , ]
    • a
    • Miejsce wydania (P)
    • Bydgoszcz :
    • b
    • Nazwa wydawcy (P)
    • Walkowski :
    • b
    • Nazwa wydawcy (P)
    • Inter-Artpol,
    • c
    • Data wydania (P)
    • 2012.
300 -Strefa opisu fizycznego [ , ]
    • a
    • Określenie formy książki i/lub objętość (NP)
    • 1044 s. :
    • b
    • Oznaczenie ilustracji (NP)
    • il. ;
    • c
    • Format (NP)
    • 25 cm +
    • e
    • Oznaczenie dokumentu towarzyszącego (NP)
    • [3] k. tabl. złoż.
336 -Typ zawartości [ , ]
    • a
    • Termin opisujący typ zawartości
    • Tekst
    • b
    • Kod określający zawartość
    • txt
    • 2
    • Źródło (terminu i kodu)
    • rdacontent
337 -Typ mediów [ , ]
    • a
    • Tryb odtwarzania
    • Bez urządzenia pośredniczącego
    • b
    • Kod typu mediów
    • n
    • 2
    • Źródło (terminu i kodu)
    • rdamedia
338 -Typ/rodzaj nośnika [ , ]
    • a
    • Hasło opisujące typ nośnika
    • Wolumin
    • b
    • Kod typu nośnika
    • nc
    • 2
    • Źródło (terminu i kodu)
    • rdacarrier
500 -Uwaga ogólna [ , ]
    • a
    • Uwaga ogólna (NP)
    • Tabl. w kiesz.
500 -Uwaga ogólna [ , ]
    • a
    • Uwaga ogólna (NP)
    • Orzecznictwo s. 863-867.
504 -Uwaga dot. bibliogr. załącznikowej [ , ]
    • a
    • Uwaga dot. bibliografii załącznikowej
    • Bibliogr. s. 861-862. Indeksy.
505 -Uwaga dot. zawartości książki [0, ]
    • a
    • Uwaga dot. zawartości książki
    • Cz. 2, Postępowania zastępcze, rozstrzygnięcia = Substitutionary procedures, resolutions. Cz. 3, Nadzwyczajne środki zaskarżenia rozstrzygnięć prawomocnych = Extraordinary means of appeal for legally binding resolutions. Cz. 4, Postępowania kognicyjne, zaświadczenia, wnioski o wydanie interpretacji indywidualnych = Cognitive procedures, certifficates, appeals for issuing individual interpretations.
546 -Uwaga dot. języka [ , ]
    • a
    • Uwaga dot. języka
    • Wybrane fragmenty publikacji również w jęz. ang. Tł. Marcelina Musielewicz i Grzegorz Kazimierz Walkowski.
080 -Uniwersalna Klasyfikacja Dziesiętna [ , ]
    • 2
    • Identyfikator wydania tablic
    • UDC-P058
    • 9
    • UKD
    • 3133
    • a
    • Symbol klasyfikacji
    • 336.221.24
    • b
    • Dopowiedzenie
    • Zasady i praktyka prawa podatkowego.
    • 4
    • UKD2
    • 7642
    • x
    • Poddział wspólny
    • (438)
    • c
    • Dopowiedzenie poddz. wspólnego
    • (Polska).
650 -Hasło przedmiotowe [ ,7]
    • a
    • Hasło przedmiotowe
    • Prawo podatkowe
    • z
    • Określnik geograficzny
    • Polska.
    • 2
    • Źródło terminu
    • kaba
    • 9
    • KHW
    • 351451
980 -Symbol UKD [ , ]
    • a
    • UKD
    • 336.221.24(438)
700 -Hasło dodatkowe - nazwa osobowa [1, ]
    • a
    • Nazwa osobowa (NP)
    • Musielewicz, Marcelina. Find
    • e
    • Określenie rodzaju współpracy
    • Tł.
    • 9
    • KHW
    • 55685
920 -ISBN [ , ]
    • a
    • ISBN
    • 978-83-934715-3-9 Find
Lokalizacja Status udost. Sygnatura Data inwentaryzacji Numer inwentarzowy Obwoluta
BSA1SA.220252013-06-11SA.220251